000 00551nam a2200217Ia 4500
003 OSt
005 20220928135947.0
006 a|||||r|||| 00| 0
007 ta
008 220927b |||||||| |||| 00| 0 eng d
024 _a5740
037 _cTextual
040 _aSDCL
_cSDCL
_beng
041 _2eng
_aeng
082 _aB13, M3
100 _aBertin Marie-Jose
_9493354
245 0 _aSeminaire de theorie des nomberes, paris 1981-82
260 _c1983
942 _hB13, M3
_cTEXL
_2CC
999 _c809164
_d809164